| 000 | 03231nam a2200289 a 4500 | ||
|---|---|---|---|
| 003 | OSt | ||
| 005 | 20251110132733.0 | ||
| 007 | cr ||||||a|c|a | ||
| 008 | 230619s2019 mx adb|fom||| 001 0 spa d | ||
| 040 | _erda | ||
| 100 | 1 |
_9108465 _aSolís Rosales, Humberto |
|
| 245 | 1 | 0 |
_aFlujo de información sobre la innovación tecnológica sobre la producción de la pimienta negra (Pimenta dioica L. Merril) en Zozocolco de Hidalgo, Veracruz / _cpor Humberto Solís Rosales; director de tesis Angel Pita Duque |
| 264 | 1 |
_aChapingo, México : _bEl autor, _c2019. |
|
| 300 |
_a1 recurso en línea (105 páginas): _bIlustraciones, cuadros, gráficas, mapas |
||
| 336 |
_2rdacontent _atexto _btxt |
||
| 337 |
_2rdamedia _acomputadora _bc |
||
| 338 |
_2rdacarrier _arecurso en línea _bcr |
||
| 502 |
_bMCDRR _cCentros Regionales _d2019 _gMAE |
||
| 504 | _aIncluye referencias bibliográficas: páginas 90-92 | ||
| 520 | _aEste estudio se realizó en Zozocolco de Hidalgo, Veracruz, para analizar estructura y funcionamiento de la red social para el flujo de información sobre innovaciones tecnológicas para la producción de pimienta gorda. En esa localidad la producción de pimienta gorda proviene mayormente de árboles tolerados de baja productividad dispersos en las parcelas. Se aplicó una encuesta a 182 productores mediante muestreo de bola de nieve para modelar una red de 281 nodos y 947 aristas. La red tuvo baja cohesión, con densidad de 2.3 y mayores índices de centralidad de entrada que de salida, 1.6 y 4.2%, respectivamente. Casi todos de los vínculos entre actores están mediados por una relación personal cercana, al margen del parentesco. Predominan los actores con valores cero en los grados de entrada, intermediación y de centralidad Beta-Bonacich. En los grados de salida la mayor frecuencia es el valor 1 seguido por los de valor cero. La red para el flujo de información es frágil; el índice de fragmentación es alto y no se modifica significativamente (0.937-0.972) si el conjunto kp-negativo se incrementa de 1 a 10 actores clave disruptivos. El flujo de información a través de la red depende en gran medida de solo nueve actores estructuradores. En contraste con los actores clave disruptivos, la adición de cada actor estructurador al conjunto kp-positivo incrementa sustancialmente la cobertura de la red. La baja cohesión de la red se debe principalmente al grado de especialización que requiere el tipo de información que se intercambia. Esos vínculos débiles entre actores dan oportunidad a la acción institucional para promover la difusión de innovaciones tecnológicas para la producción de pimienta gorda. Tales acciones deben estar dirigidas al fortalecimiento de los vínculos entre actores para facilitar la transferencia y construcción de conocimientos, construcción de confianza, y reducción de riesgos. | ||
| 650 | 4 |
_9136374 _aPimienta gorda _xInnovaciones tecnológicas |
|
| 650 | 4 |
_9134837 _aPimienta gorda _xMercadeo |
|
| 650 | 4 |
_9136372 _aPimienta gorda _xProducción |
|
| 700 | 1 |
_988576 _aPita Duque, Angel _edirector. |
|
| 856 |
_uhttp://10.13.5.2/tesis/tm/Solis_Rosales_Humberto.pdf _zDESCARGAR PDF |
||
| 942 |
_2Clasificación Universidad Autónoma Chapingo _cTD |
||
| 999 |
_c218967 _d218967 |
||